|
|
|
|
| LEADER |
00000cam a2200000 a 4500 |
| 001 |
vtls010504802 |
| 003 |
SK-MaSNL |
| 005 |
20260302050244.0 |
| 008 |
240314s2013 xr a g 000 f slo |
| 015 |
|
|
|a SNBZSA2015
|
| 020 |
|
|
|a 9788074472701
|q (viaz.)
|
| 035 |
|
|
|a 39FF951C-50C2-4139-9198-07DA8E21BCDB
|
| 035 |
|
|
|a urn:nbn:sk:snk-amldh6
|
| 035 |
|
|
|a urn:nbn:sk:snk-am009060
|
| 040 |
|
|
|a SNK
|b slo
|c SNK
|e AACR2
|
| 041 |
1 |
|
|a slo
|h eng
|
| 044 |
|
|
|a xr
|c CZ
|
| 072 |
|
7 |
|a 821.111(73)-3
|x Americká próza
|2 konspekt
|
| 080 |
|
|
|a 821.111(73)-31
|2 2001
|
| 080 |
|
|
|a (0:82-312.9)
|2 2001
|
| 080 |
|
|
|a 821.111(73)-3
|2 2001
|
| 100 |
1 |
|
|a Jordan, Sophie
|4 aut
|9 336562
|
| 240 |
1 |
0 |
|a Hidden: a firelight novel
|l Slovensky
|
| 245 |
1 |
0 |
|a Draki
|n [3]
|p Návrat
|c Sophie Jordanová ; [z anglického originálu preložila Denisa Pilková]
|
| 246 |
3 |
0 |
|a Návrat
|
| 250 |
|
|
|a 1. slov. vyd.
|
| 260 |
|
|
|a V Prahe
|b CooBoo
|c 2013
|
| 300 |
|
|
|a 261 s.
|b ilustr.
|c 21 cm
|
| 500 |
|
|
|a Vydalo nakladateľstvo CooBoo v spoločnosti Albatros Media
|
| 655 |
|
7 |
|a americké romány
|2 SNKPH
|9 1174
|
| 655 |
|
7 |
|a fantasy romány
|2 SNKPH
|9 121434
|
| 655 |
|
7 |
|a American fiction
|2 SNKPHeng
|9 281076
|
| 655 |
|
7 |
|a Fantasy novels
|2 SNKPHeng
|9 248525
|
| 700 |
1 |
|
|a Pilková, Denisa
|4 trl
|9 336563
|
| 752 |
|
|
|a Česko
|d Praha
|
| 919 |
|
|
|a 978-80-7447-270-1
|
| 958 |
|
|
|a ZS
|
| 958 |
|
|
|a LX
|
| 958 |
|
|
|a UP
|
| 999 |
|
|
|c 1096421
|d 1098351
|
| 952 |
|
|
|a SNK
|b SNK
|y PREZ
|7 0
|p 17A1132926
|o snkSC 161951/3
|i snk2014/27886
|8 4
|g 13.44
|0 0
|1 0
|4 0
|d 2014-11-24
|f 1
|l 0
|r 2025-08-25 00:00:00
|w 2026-02-24
|